<?xml version="1.0" encoding="UTF-8"?>
<record
    xmlns:xsi="http://www.w3.org/2001/XMLSchema-instance"
    xsi:schemaLocation="http://www.loc.gov/MARC21/slim http://www.loc.gov/standards/marcxml/schema/MARC21slim.xsd"
    xmlns="http://www.loc.gov/MARC21/slim">

  <leader>02219nam a2200361   4500</leader>
  <controlfield tag="003">OSt</controlfield>
  <controlfield tag="005">20260512110556.0</controlfield>
  <controlfield tag="008">260512b        |||||||| |||| 00| 0 aze d</controlfield>
  <datafield tag="020" ind1=" " ind2=" ">
    <subfield code="a">9789952468991</subfield>
  </datafield>
  <datafield tag="040" ind1=" " ind2=" ">
    <subfield code="a">AZ-XaKU</subfield>
    <subfield code="b">aze</subfield>
    <subfield code="c">AZ-XaKU</subfield>
  </datafield>
  <datafield tag="041" ind1=" " ind2=" ">
    <subfield code="a">aze</subfield>
  </datafield>
  <datafield tag="050" ind1="0" ind2="4">
    <subfield code="a">TJ807.9 .G213 2022</subfield>
  </datafield>
  <datafield tag="100" ind1="1" ind2=" ">
    <subfield code="a">Qas&#x131;mov, Elmar,</subfield>
    <subfield code="e">m&#xFC;&#x259;llif.</subfield>
  </datafield>
  <datafield tag="245" ind1="1" ind2=" ">
    <subfield code="a">B&#x259;rpa olunan enerji ehtiyatlar&#x131;ndan istifad&#x259; giri&#x15F;</subfield>
    <subfield code="c">/ Elmar Qas&#x131;mov, R&#xF6;v&#x15F;&#x259;n Abbasov ; r&#x259;y&#xE7;il&#x259;r B&#x259;xtiyar Aslanb&#x259;yli, Cavid Abdullayev, Amer Reza Vakhshouri ; layih&#x259; meneceri N&#x259;rmin &#x18F;hm&#x259;dova ;elmi redaktor R&#xF6;v&#x15F;&#x259;n K&#x259;rimov</subfield>
  </datafield>
  <datafield tag="264" ind1=" " ind2=" ">
    <subfield code="a">Bak&#x131;:</subfield>
    <subfield code="c">2022.</subfield>
  </datafield>
  <datafield tag="300" ind1=" " ind2=" ">
    <subfield code="a">216 s&#x259;hif&#x259; ;</subfield>
    <subfield code="c">28,5 sm.</subfield>
  </datafield>
  <datafield tag="336" ind1=" " ind2=" ">
    <subfield code="a">text</subfield>
    <subfield code="b">txt</subfield>
    <subfield code="2">rdacontent</subfield>
  </datafield>
  <datafield tag="337" ind1=" " ind2=" ">
    <subfield code="a">unmediated</subfield>
    <subfield code="b">n</subfield>
    <subfield code="2">rdamedia</subfield>
  </datafield>
  <datafield tag="338" ind1=" " ind2=" ">
    <subfield code="a">volume </subfield>
    <subfield code="b">nc</subfield>
    <subfield code="2">rdacarrier</subfield>
  </datafield>
  <datafield tag="504" ind1=" " ind2=" ">
    <subfield code="a">&#x18F;d&#x259;biyyat siyah&#x131;s&#x131;: 214-216</subfield>
  </datafield>
  <datafield tag="505" ind1="0" ind2=" ">
    <subfield code="a">&#xD6;n s&#xF6;z -- 01. G&#x259;l&#x259;c&#x259;y&#x259; bax&#x131;&#x15F; -- 02. &#x18F;n&#x259;n&#x259;vi enerji v&#x259; ondan istifad&#x259; probleml&#x259;ri -- 03. G&#xFC;n&#x259;&#x15F; enerjisi -- 04. K&#xFC;l&#x259;k enerjisi -- 05. Geotermal enerji -- 06. Ya&#x15F;&#x131;l hidrogen enerjisi -- 07. Ki&#xE7;ik su elektrik stansiyalar&#x131; -- 08. Dayan&#x131;ql&#x131; inki&#x15F;af v&#x259; b&#x259;rpa olunan enerji probleml&#x259;ri -- &#x18F;d&#x259;biyyat siyah&#x131;s&#x131;.</subfield>
  </datafield>
  <datafield tag="520" ind1=" " ind2=" ">
    <subfield code="a">Bu d&#x259;rsliyin yaz&#x131;lmas&#x131;nda &#x259;sas m&#x259;qs&#x259;d b&#x259;rpa olunan enerji ehtiyatlar&#x131;, onlardan istifad&#x259; v&#x259; bu sah&#x259;d&#x259; m&#xFC;asir probleml&#x259;r bar&#x259;d&#x259; m&#xFC;f&#x259;ss&#x259;l baza bilikl&#x259;ri yaratmaq olmu&#x15F;dur. &#xD6;lk&#x259;mizd&#x259; b&#x259;rpa olunan enerji ehtiyatlar&#x131;ndan istifad&#x259; il&#x259; ba&#x11F;l&#x131; Az&#x259;rbaycan dilind&#x259; yaz&#x131;lm&#x131;&#x15F; ilk d&#x259;rslik oldu&#x11F;u &#xFC;&#xE7;&#xFC;n kitab&#x131;n elmi-n&#x259;z&#x259;ri v&#x259; praktik &#x259;h&#x259;miyy&#x259;ti misilsizdir.</subfield>
  </datafield>
  <datafield tag="521" ind1=" " ind2=" ">
    <subfield code="a">Bu m&#x259;nada t&#x259;qdim olunan d&#x259;rslik h&#x259;m ali m&#x259;kt&#x259;bl&#x259;r, h&#x259;m d&#x259; geni&#x15F; oxucu auditoriyas&#x131; t&#x259;r&#x259;find&#x259;n istifad&#x259; oluna bil&#x259;r. H&#x259;m&#xE7;inin d&#x259;rslikd&#x259;n ixtisasla&#x15F;m&#x131;&#x15F; orta m&#x259;kt&#x259;bl&#x259;rd&#x259; t&#x259;dris zaman&#x131; da istifad&#x259; olunmas&#x131; m&#xFC;mk&#xFC;nd&#xFC;r.</subfield>
  </datafield>
  <datafield tag="650" ind1=" " ind2="7">
    <subfield code="2">AZ-XaKU</subfield>
  </datafield>
  <datafield tag="700" ind1="1" ind2=" ">
    <subfield code="a">Abbasov, R&#xF6;v&#x15F;&#x259;n, </subfield>
    <subfield code="q">m&#xFC;&#x259;llif.</subfield>
  </datafield>
  <datafield tag="700" ind1="1" ind2=" ">
    <subfield code="a">Aslanb&#x259;yli, B&#x259;xtiyar, </subfield>
    <subfield code="q">r&#x259;y&#xE7;i.</subfield>
  </datafield>
  <datafield tag="700" ind1="1" ind2=" ">
    <subfield code="a">Abdullayev, Cavid, </subfield>
    <subfield code="q">r&#x259;y&#xE7;i.</subfield>
  </datafield>
  <datafield tag="700" ind1="1" ind2=" ">
    <subfield code="a">Vakhshouri, Amin Reza,</subfield>
    <subfield code="q">r&#x259;y&#xE7;i.</subfield>
  </datafield>
  <datafield tag="700" ind1="1" ind2=" ">
    <subfield code="a">&#x18F;hm&#x259;dov, N&#x259;rmin, </subfield>
    <subfield code="q">Layih&#x259; meneceri.</subfield>
  </datafield>
  <datafield tag="700" ind1="1" ind2=" ">
    <subfield code="a">K&#x259;rimov, R&#xF6;v&#x15F;&#x259;n,</subfield>
    <subfield code="q">Elmi redaktor.</subfield>
  </datafield>
  <datafield tag="942" ind1=" " ind2=" ">
    <subfield code="c">BOOK</subfield>
  </datafield>
  <datafield tag="999" ind1=" " ind2=" ">
    <subfield code="c">424</subfield>
    <subfield code="d">424</subfield>
  </datafield>
</record>
